ბათუმის შოთა რუსთაველის სახელმწიფო უნივერსიტეტის ბიბლიოთეკა

ევროკავშირი–გლობალური საერთაშორისო ფაქტორი. (ბიბ.ჩანაწერი № 35765)

000 -LEADER
fixed length control field 00996nam a2200241Ia 4500
001 - CONTROL NUMBER
control field 1645
003 - CONTROL NUMBER IDENTIFIER
control field GE_BSU
008 - FIXED-LENGTH DATA ELEMENTS--GENERAL INFORMATION
fixed length control field 181216s||||||||xx |||||||||||||| ||und||
020 ## - INTERNATIONAL STANDARD BOOK NUMBER
International Standard Book Number 9789941174131
040 ## - CATALOGING SOURCE
Transcribing agency GE_BSU
080 ## - UNIVERSAL DECIMAL CLASSIFICATION NUMBER
Universal Decimal Classification number 341.217(4)
100 ## - MAIN ENTRY--PERSONAL NAME
Personal name მანველიძე, ირაკლი
245 ## - TITLE STATEMENT
Title ევროკავშირი–გლობალური საერთაშორისო ფაქტორი.
245 ## - TITLE STATEMENT
Remainder of title შოთა რუსთაველის ცახ.უნ–ტი სოციალურ მეცნ. დეპარტამენტი.
245 ## - TITLE STATEMENT
Statement of responsibility, etc. რედ. კახაბერ სურგულაძე
260 ## - PUBLICATION, DISTRIBUTION, ETC.
Place of publication, distribution, etc. თბილისი
260 ## - PUBLICATION, DISTRIBUTION, ETC.
Name of publisher, distributor, etc. უნივერსალი
260 ## - PUBLICATION, DISTRIBUTION, ETC.
Date of publication, distribution, etc. 2011
300 ## - PHYSICAL DESCRIPTION
Extent 163 გვ, 19 სმ.
653 ## - INDEX TERM--UNCONTROLLED
Uncontrolled term ევროკავშირი–გლობალური საერთაშორისო ფაქტორი.
942 ## - ADDED ENTRY ELEMENTS (KOHA)
Koha item type წიგნი
ეგზემპლარები
Withdrawn status Lost status Damaged status Not for loan Date acquired Barcode Date last seen Price effective from Koha item type Public note
        2018-12-17 3256 2018-12-17 2018-12-17 წიგნი საცავი
        2018-12-17 3258 2018-12-17 2018-12-17 წიგნი საცავი
        2018-12-17 3259 2018-12-17 2018-12-17 წიგნი საცავი
        2018-12-17 3260 2018-12-17 2018-12-17 წიგნი საცავი